<?xml version="1.0" encoding="UTF-8"?>
<collection xmlns="http://www.loc.gov/MARC21/slim">
  <record>
    <leader>00000nam  2200000   4500</leader>
    <datafield tag="247" ind1="#" ind2="#">
      <subfield code="a"/>
    </datafield>
    <controlfield tag="Wor">$a 1</controlfield>
    <datafield tag="856" ind1="#" ind2="#">
      <subfield code="a"/>
    </datafield>
    <datafield tag="700" ind1=" " ind2="#">
      <subfield code="a">Lewis C. Solmon</subfield>
    </datafield>
    <datafield tag="650" ind1=" " ind2="#">
      <subfield code="a">Metode Riset Permasalahan Sosial, Statistik Permasalahan Sosial</subfield>
    </datafield>
    <datafield tag="520" ind1=" " ind2="#">
      <subfield code="a"/>
    </datafield>
    <datafield tag="321" ind1="#" ind2="#">
      <subfield code="a"/>
    </datafield>
    <datafield tag="310" ind1="#" ind2="#">
      <subfield code="a"/>
    </datafield>
    <datafield tag="300" ind1="#" ind2="#">
      <subfield code="a">199 halaman</subfield>
      <subfield code="b">ilus</subfield>
      <subfield code="c">21,5 cm</subfield>
      <subfield code="e"/>
    </datafield>
    <datafield tag="260" ind1="#" ind2="#">
      <subfield code="a">England</subfield>
      <subfield code="b">Sage Publication</subfield>
      <subfield code="c">1983</subfield>
    </datafield>
    <controlfield tag="001">$a INLIS000000000020814</controlfield>
    <datafield tag="245" ind1="#" ind2="#">
      <subfield code="a">The Costs of Evaluation</subfield>
      <subfield code="b"/>
      <subfield code="c">Marvin C. Alkin and Lewis C. Solmon</subfield>
    </datafield>
    <datafield tag="100" ind1=" " ind2="#">
      <subfield code="a">Marvin C. Alkin</subfield>
    </datafield>
    <datafield tag="084" ind1="#" ind2="#">
      <subfield code="a">361 ALK c</subfield>
    </datafield>
    <datafield tag="082" ind1="#" ind2="#">
      <subfield code="a">361.007 2</subfield>
    </datafield>
    <datafield tag="035" ind1="#" ind2="#">
      <subfield code="a">0010-1125000013</subfield>
    </datafield>
    <datafield tag="022" ind1="#" ind2="#">
      <subfield code="a">0 8039 1979 4</subfield>
    </datafield>
    <controlfield tag="008">$a 251120################g##########0#eng##</controlfield>
    <controlfield tag="005">$a 20251120142533</controlfield>
  </record>
</collection>
